| 000 | 01683nam a2200433 a 4500 | ||
|---|---|---|---|
| 001 | 000109292 | ||
| 003 | CHAP | ||
| 005 | 20220329144045.0 | ||
| 008 | 140416s2013 mx sm |||||||spa d | ||
| 010 | _a105754 | ||
| 011 | _a106726 | ||
| 040 | _cCHAP | ||
| 090 | _aTesis | ||
| 100 | 1 |
_aMorales Hernández, Geeber Rabindranath _9126592 |
|
| 245 | 1 | 0 |
_aAnálisis combinados del rendimiento de lineas experimentales de cacahuate (Arachis hypogaea L.) en el suroeste de Morelos _h[En línea] _cpor Geeber Rabindranath Morales Hernández. |
| 260 |
_aChapingo, Méx. : _bEl autor, _c2013. |
||
| 500 | _aPara ver el contenido del material haga clic en la liga | ||
| 502 | _aTesis (Ing. Agr. Esp. en Fitotecnia) -- UACH. Departamento de Fitotecnia | ||
| 590 |
_aBATCH-UPD _b10 _c20141002 _lUCH01 _h0901 |
||
| 590 |
_aE11695DGD _b10 _c20140424 _lUCH01 _h1121 |
||
| 590 |
_aE11695DGD _b10 _c20140424 _lUCH01 _h1121 |
||
| 590 |
_aE11695DGD _b10 _c20141006 _lUCH01 _h1317 |
||
| 590 |
_aE5995AHE _b05 _c20140416 _lUCH01 _h0851 |
||
| 590 |
_aE5995AHE _b05 _c20140416 _lUCH01 _h0900 |
||
| 590 |
_aE5995AHE _b05 _c20140416 _lUCH01 _h1218 |
||
| 590 |
_aE5995AHE _b05 _c20140416 _lUCH01 _h1220 |
||
| 590 |
_aE5995AHE _b05 _c20140416 _lUCH01 _h1221 |
||
| 590 |
_aE5995AHE _b05 _c20140416 _lUCH01 _h1228 |
||
| 590 |
_aE5995AHE _b05 _c20140416 _lUCH01 _h1228 |
||
| 590 |
_aE5995AHE _b05 _c20140416 _lUCH01 _h1318 |
||
| 650 | 1 | 4 |
_aCacahuate _xIndustria. _916879 |
| 650 | 1 | 4 |
_aCacahuate _xMorelos. _916890 |
| 650 | 1 | 4 |
_aCacahuate _xSubproductos. _916905 |
| 650 | 1 | 4 |
_aVitaminas (B) _9120012 |
| 856 |
_aFinding aid _uhttp://10.13.5.2/tesis/sist109292.pdf _zTeclea aquí |
||
| 901 | _aBK | ||
| 942 | _cTESIS | ||
| 942 | _n0 | ||
| 999 |
_c105754 _d105754 |
||